Obesity and the media (Record no. 292367)

MARC details
000 -LEADER
fixed length control field 00269nam a2200097Ia 4500
082 ## - DEWEY DECIMAL CLASSIFICATION NUMBER
Classification number TSO 896.39 KHOS
008 - FIXED-LENGTH DATA ELEMENTS--GENERAL INFORMATION
fixed length control field 210817s9999 xx 000 0 und d
100 ## - MAIN ENTRY--PERSONAL NAME
Personal name O'CONNOR, Frances New York, 2009 1st ed
9 (RLIN) 81700
245 #0 - TITLE STATEMENT
Title Obesity and the media
942 ## - ADDED ENTRY ELEMENTS
item type Books
Holdings
Withdrawn status Lost status Damaged status Not for loan Home library Current library Date acquired Cost, normal purchase price Total Checkouts Barcode Date last seen Price effective from item type
        Matsulu Matsulu 19.08.2021 27.00   33228021512759 19.08.2021 19.08.2021 Books